Get the Picture: Neo, Ted, or John Wick? Quiz Stats

 Plays Quiz Updated Sep 9, 2019

Score 0/15 Timer 02:00
1 Play Today
Question Answer Wrong Answers
This is a dude who, 700 years ago, totally ravaged China, and who, we were told, two hours ago totally ravaged Oshman's Sporting Goods. Ted
88.6%
Neo
3.1%
Wick
2.8%
All we are is dust in the wind, dude. Ted
86.8%
Neo
3.7%
Wick
4%
I'm going to show them a world without you. A world without rules or controls, borders or boundaries. A world where anything is possible. Neo
85.3%
Wick
6.7%
Ted
2.1%
You don't want me owing you. Wick
85%
Neo
6.6%
Ted
2.7%
I believe our adventure through time has taken a most serious turn. Ted
83.5%
Neo
8%
Wick
2.9%
So I guess you have a choice. You want a war? Or do you wanna just give me a gun? Wick
82.9%
Neo
10.3%
Ted
1%
You stole my car, and you killed my dog! Wick
81.4%
Neo
3.1%
Ted
9.6%
Do you realize you have just stranded one of Europe's greatest leaders in San Dimas? Ted
78.5%
Neo
4.9%
Wick
10.5%
I don't like the idea that I'm not in control of my life. Neo
77.3%
Wick
12.3%
Ted
4.8%
Strange things are afoot at the Circle K. Ted
76%
Neo
7.5%
Wick
10.6%
People keep asking if I'm back. And I haven't really had an answer. But now, yeah, I'm thinking I'm back! Wick
74.9%
Neo
8.1%
Ted
11.3%
Do I look civilized to you? Wick
73.9%
Neo
9.4%
Ted
10.6%
I didn't come here to tell you how this is going to end. I came here to tell you how it's going to begin. Neo
68.3%
Wick
22.1%
Ted
3.9%
You can't scare me with this Gestapo crap. I know my rights. I want my phone call. Neo
47.6%
Wick
19.6%
Ted
27.8%
Mr. Wizard, get me the hell out of here! Neo
36.2%
Wick
5.2%
Ted
53.5%

Today's Daily Dose

You're not logged in!

Compare scores with friends on all Sporcle quizzes.
OR
Log In

Sporcle TV

Today on Sporcle TV


Watch our educational content, quiz creation guides, and fun videos on Sporcle TV.

Show Comments

Extras

Top Quizzes Today


Score Distribution

Your Account Isn't Verified!

In order to create a playlist on Sporcle, you need to verify the email address you used during registration. Go to your Sporcle Settings to finish the process.

Report this User

Report this user for behavior that violates our Community Guidelines.

Details: